| 000 | 01088nmm a2200325 4500 | ||
|---|---|---|---|
| 005 | 20240919130523.0 | ||
| 007 | c| |||||||| | ||
| 008 | 230717t2022 q d cat d | ||
| 017 | _aB-23120-2022 | ||
| 020 | _a9788418601019 | ||
| 041 | _acat | ||
| 080 | _a549(467.1) | ||
| 100 |
_aLluch, Joana _975397 |
||
| 245 |
_aTaula dels minerals de Catalunya _bMicroscòpia de minerals representatius del substrat geològic _h[recurs electrònic] _cJoana Lluch, Joan Martínez Bofill, Albert Soler, Miquel Vilà |
||
| 260 |
_aBarcelona _bInstitut Cartogràfic i Geològic de Catalunya _c2022 |
||
| 300 | _b1 làmina; il. | ||
| 520 | _a80 | ||
| 522 | _aCatalunya | ||
| 546 | _acatalà | ||
| 592 | _aObra terminològica | ||
| 593 | _aCG | ||
| 650 |
_amineralogia _962728 |
||
| 700 |
_975398 _aMartínez Bofill, Joan |
||
| 700 |
_975399 _aSoler, Albert |
||
| 700 |
_975059 _aVilà, Miquel |
||
| 856 | _uhttps://datacloud.icgc.cat/datacloud/descarregues-web/bd/minerals/icgc_taula_minerals.pdf | ||
| 902 | _a930106 | ||
| 942 |
_cMO _n0 _2ddc |
||
| 999 |
_c68721 _d68721 |
||